Normal view
MARC view
- THINKING AND WRITING.WRITING TECHNIQUES.THINKING AND WRITING IN THE HUMANITIES
Entry Topical Term
001 - CONTROL NUMBER
- control field: 68551
003 - CONTROL NUMBER IDENTIFIER
- control field: NUST
005 - DATE AND TIME OF LATEST TRANSACTION
- control field: 20210628204050.0
008 - FIXED-LENGTH DATA ELEMENTS
- fixed length control field: 210628|| aca||aabn | a|a d
040 ## - CATALOGING SOURCE
- Original cataloging agency: NUST
- Transcribing agency: NUST
150 ## - HEADING--TOPICAL TERM
- Topical term or geographic name entry element: THINKING AND WRITING.WRITING TECHNIQUES.THINKING AND WRITING IN THE HUMANITIES
670 ## - SOURCE DATA FOUND
- Source citation: Work cat.: (NUST): Hudson, Suzanne , Leclair, Molly 68550, Thinking and writing in the humanities, 2004
